Tri tatranské bukoliky pre violončelo a akordeón

Bibliographic Details
Main Author: Novák, Milan, 1927-2021 (Composer)
Format: Musical Score Book
Language:Slovak
PhysicalDescription:1 partitúra (10 s.) + 2 hlasy 30 cm
Published: Bratislava Hudobný fond 2008
ISBN:9788080515430 (brož.)
Edition:1. vyd.
Series:Musica slovaca
Subjects:

MARC

LEADER 00000ncm a2200000 a 4500
001 vtls009357498
003 SK-MaSNL
005 20260331205246.0
007 qu
008 081105s2008 xo zzgef u slo
015 |a SNBH2014 
020 |a 9788080515430 (brož.) 
028 3 1 |a HF 3008  |b Hudobný fond 
040 |a SNK  |b slo  |c SNK  |e AACR2 
041 0 |a slo 
044 |a xo  |c SK 
048 |b sc01  |a kz01 
072 7 |a 786  |x Hudba pre klávesové nástroje  |2 konspekt 
072 7 |a 787  |x Hudba pre strunové a sláčikové nástroje  |2 konspekt 
080 |a 785.7  |2 2001 
080 |a 78.083  |2 2001 
080 |a 787.3:785.72  |2 2001 
080 |a 78.089.6.087  |2 2001 
084 |a 1.2.1  |2 snlmc 
100 1 |a Novák, Milan,  |d 1927-2021  |4 cmp  |9 224033 
245 1 0 |a Tri tatranské bukoliky pre violončelo a akordeón  |h hudobnina  |c Milan Novák 
250 |a 1. vyd. 
254 |a Partitúra a hlasy, reprodukcia rukopisu autora 
260 |a Bratislava  |b Hudobný fond  |c 2008 
300 |a 1 partitúra (10 s.) + 2 hlasy  |c 30 cm 
366 |e 500 výt. 
490 1 |a Musica slovaca 
650 0 7 |a komorná hudba  |2 SNKPH  |9 3431 
650 0 7 |a drobné skladby  |2 SNKPH  |9 85868 
650 0 7 |a duá (violončelo, akordeón)  |2 SNKPH  |9 318201 
650 0 7 |a Chamber music  |2 SNKPHeng  |9 318202 
650 0 7 |a Small music pieces  |2 SNKPHeng  |9 315657 
650 0 7 |a Duets (violoncello, accordion)  |2 SNKPHeng  |9 318203 
655 7 |a partitúry a hlasy  |2 SNKPH  |9 70304 
655 7 |a Scores and parts  |2 SNKPHeng  |9 303707 
830 0 |a Musica slovaca  |9 317889 
919 |a 978-80-8051-543-0 
924 |a violončelo, akordeón 
999 |c 570939  |d 572869 
952 |a SNK  |b SNK  |y PREZ  |7 0  |p 17A0604455  |o snkHSB 4204  |i snk2008/21407  |8 0  |0 0  |1 0  |4 0  |d 2008-11-05  |l 0  |r 2026-02-23 14:14:41  |w 2026-02-23 
952 |a SNK  |b SNK  |y PREZ  |7 0  |p 17A0604448  |o snkHSB 4204/príl.1  |i snk2008/21407  |8 0  |3 príl.  |0 0  |1 0  |4 0  |d 2008-11-05  |l 0  |r 2026-02-23 14:14:41  |w 2026-02-23 
952 |a SNK  |b SNK  |y PREZ  |7 0  |p 17A0604447  |o snkHSB 4204/príl.2  |i snk2008/21407  |8 0  |3 príl.  |0 0  |1 0  |4 0  |d 2008-11-05  |l 0  |r 2026-02-23 14:14:41  |w 2026-02-23 
952 |a SNK  |b SNK  |y VYP  |7 0  |p 17A0604449  |o snkHSB 4204 D1  |i snk2008/21408  |8 0  |0 0  |1 0  |4 0  |d 2008-11-05  |l 0  |r 2026-02-23 14:14:41  |w 2026-02-23 
952 |a SNK  |b SNK  |y VYP  |7 0  |p 17A0604442  |o snkHSB 4204/príl.1 D1  |i snk2008/21408  |8 0  |3 príl.  |0 0  |1 0  |4 0  |d 2008-11-05  |l 0  |r 2026-02-23 14:14:41  |w 2026-02-23 
952 |a SNK  |b SNK  |y VYP  |7 0  |p 17A0604443  |o snkHSB 4204/príl.2 D1  |i snk2008/21408  |8 0  |3 príl.  |0 0  |1 0  |4 0  |d 2008-11-05  |l 0  |r 2026-02-23 14:14:41  |w 2026-02-23